Science Quiz

Random Science Quiz

Fish ID Aegean Sea #5 Latin Open Questions part 1 Quiz Stats

 Plays Quiz not verified by Sporcle

Score 0/50 Timer 20:00
0 Plays Today
% Correct
Atherina boyeri
79.8%
Conger conger
77.9%
Thalassoma pavo
77.9%
Gobius auratus
76.9%
Mullus surmuletus
76.9%
Anthias anthias
75%
Belone belone
75%
Gobius couchi
75%
Gobius niger jozo
74%
Dactylopterus volitans
73.1%
Gobius vittatus
73.1%
Coris julis
73.1%
Parablennius rouxi
72.1%
Parablennius tentacularis
72.1%
Gobius bucchichi
72.1%
Gobius fallax
72.1%
Labrus viridis
72.1%
Arnoglossus laterna
70.2%
Trachinotus ovatus
68.3%
Apogon imberbis
67.3%
Parablennius incognitus
67.3%
Gobius xanthocephalus
67.3%
Symphodus roissali
67.3%
Symphodus tinca
67.3%
Bothus podas
66.3%
% Correct
Arnoglossus thori
65.4%
Gobius cobitis
64.4%
Gobius cruentatus
64.4%
Gobius geniporus
63.5%
Xyrichtys novacula
63.5%
Spicara maena
61.5%
Centracanthus cirrus
61.5%
Ariosoma balearicum
61.5%
Symphodus melanocercus
59.6%
Symphodus ocellatus
59.6%
Labrus bergylta
58.7%
Labrus merula
58.7%
Parablennius sanguinolentus
57.7%
Symphodus rostratus
57.7%
Symphodus melops
57.7%
Parablennius gattorugine
56.7%
Mugilidae spp.
56.7%
Platichthys flesus
55.8%
Symphodus mediterraneus
55.8%
Spicara smaris
54.8%
Gobius paganellus
53.8%
Symphodus cinereus
53.8%
Labrus bimaculatus
51.9%
Dicentrarchus labrax
51%
Ctenolabrus rupestris
50%

You're not logged in!

Compare scores with friends on all Sporcle quizzes.
OR
Log In

Sporcle TV

Today on Sporcle TV


Watch our educational content, quiz creation guides, and fun videos on Sporcle TV.

Show Comments

Extras

Created Jul 12, 2019ReportNominate
Tags:fish

Top Quizzes Today


Score Distribution

Your Account Isn't Verified!

In order to create a playlist on Sporcle, you need to verify the email address you used during registration. Go to your Sporcle Settings to finish the process.

Report this User

Report this user for behavior that violates our Community Guidelines.

Details: